000 00644cam a22002293a 4500
001 13196
003 PGUSA
005 20140828083302.0
008 040817s2004||||xxu|||||s|||||000 | eng d
040 _aPGUSA
_beng
042 _adc
050 4 _aBV
100 1 _aGordon, S. D.
_q(Samuel Dickey),
_d1859-1936
245 1 0 _aQuiet Talks on Prayer
_h[electronic resource] /
_cS. D. Gordon
260 _bProject Gutenberg,
_c2004
506 _aPublic domain in the USA.
516 _aElectronic text
653 _aPrayer -- Christianity
830 0 _aProject Gutenberg
_v13196
856 4 0 _uhttp://www.gutenberg.org/ebooks/13196
942 _cEB
999 _c242451
_d242451